|
|
|
|
| LEADER |
00000nab a2200000 4500 |
| 001 |
vtls011767891 |
| 003 |
SK-MaSNL |
| 005 |
20260318132600.0 |
| 008 |
180720|2018 xo |||| || ||00 0|hun |
| 015 |
|
|
|a SNBRB2018/07
|
| 040 |
|
|
|a DSZK
|b slo
|c DSZK
|e rda
|
| 041 |
0 |
|
|a hun
|
| 043 |
|
|
|a e-xo---
|
| 044 |
|
|
|a xo
|c SK
|
| 072 |
|
7 |
|a 633
|x Rastlinná výroba
|2 konspekt
|
| 072 |
|
7 |
|a 635
|x Záhradkárstvo
|2 konspekt
|
| 080 |
|
|
|a 633.81/.82
|2 2011
|
| 080 |
|
|
|a 635.7
|2 2011
|
| 100 |
1 |
|
|a Ando, Krisztina
|4 aut
|9 1035982
|
| 245 |
1 |
0 |
|a Táj lila ecsettel
|c Ando Krisztina ; fotó Dömötör Ede
|
| 300 |
|
|
|b Fotografie
|
| 336 |
|
|
|a text
|b txt
|2 rdacontent
|
| 337 |
|
|
|a bez média
|b n
|2 rdamedia
|
| 338 |
|
|
|a zväzok
|b nc
|2 rdacarrier
|
| 610 |
2 |
7 |
|a Lovender žitnoostrovská levanduľa (Ohrady, Slovensko)
|2 dszk
|9 1218806
|
| 650 |
0 |
7 |
|a levanduľa
|2 dszk
|9 90396
|
| 650 |
0 |
7 |
|a pestovanie
|2 dszk
|9 336890
|
| 651 |
|
7 |
|a Ohrady (Slovensko)
|2 SNKPHgeo
|9 106891
|
| 700 |
1 |
|
|a Dömötör, Ede,
|d 1975-
|4 pht
|9 26770
|
| 773 |
0 |
|
|t Új nő
|g Évf. 24, sz. 7 (2018), o. 26-28
|x 1335-938X
|
| 958 |
|
|
|a SK
|
| 999 |
|
|
|c 2136339
|d 2138269
|